| 000 | 00643nam a2200205Ia 4500 | ||
|---|---|---|---|
| 001 | 14619 | ||
| 003 | GE_BSU | ||
| 008 | 181216s||||||||xx |||||||||||||| ||und|| | ||
| 040 | _cGE_BSU | ||
| 080 | _a821.353.1-1 | ||
| 100 | _aმაჭავარიანი,მუხრან | ||
| 245 | _aლექსები | ||
| 245 | _cრედ.ხუხაშვილი გ. მხატვ.გ.გულისაშვილი. ვ. ტოროტაძე | ||
| 260 | _aთბილისი | ||
| 260 | _bსახელგამი | ||
| 260 | _c1955 | ||
| 300 | _a141გვ.21სმ. | ||
| 653 | _aლექსები | ||
| 942 | _cBK | ||
| 999 |
_c47748 _d47748 |
||